Pays mélangés - Statistiques

Statistiques générales
  • Ce quiz a été pris 44 fois
    16 depuis la dernière actualisation
  • Le résultat moyen est 27 sur 30
Statistiques - réponses
Pays mélangés Pays distincts % Correct
Bhbruounteain Bhoutan
100%
Chamobondggriee Cambodge
100%
Esipraagnen Espagne
100%
Gislrenaadende Grenade
100%
Inlditounéansiiee Indonésie
100%
Irsinlgaanpouder Irlande
100%
Islande
100%
Noalrlemveaggene Norvège
100%
Psoolmaoglneie Pologne
100%
Allemagne
90%
Bicaélmorerussounie Biélorussie
90%
Bhootnsduwarnaas Botswana
90%
Brunei
90%
Cameroun
90%
Finlande
90%
Honduras
90%
Iran
90%
Singapour
90%
Somalie
90%
Tugarqbuioen Turquie
90%
Ufirunglanuadye Uruguay
90%
Gabon
80%
Hongrie
80%
Moldavie
80%
Nouagmianbdiea Namibie
80%
Ncoleopmabile Népal
80%
Ouganda
80%
Smieolrradalevionee Sierra Leone
80%
Colombie
70%
Lituanie
70%
Aucun quiz correspondant
Distribution des résultats
% des personnes avec chaque résultat
Percentile par nombre de réponses
Votre historique - résultats
Vous n’avez pas pris ce quiz depuis la dernière actualisation